| 000 | 00560nam a2200157 a 4500 | ||
|---|---|---|---|
| 001 | 000039411 | ||
| 005 | 20201002031633.0 | ||
| 008 | 130626s2007 dr d 000 0 spa d | ||
| 040 |
_aDO-SdBNP _bspa _cBNPHU |
||
| 082 |
_axxx _bT68i |
||
| 100 | 1 |
_aToribio, Juan Francisco _954472 |
|
| 245 | 1 | 0 |
_aIntroducción a la economía global : _bAplicaciones a principios de administración y contabilidad / _cJuan Francisco Toribio. |
| 250 | _a2a ed. revisada y ampliada | ||
| 260 |
_aSanto Domingo : _bTriunfo Fast Printing, _c2007. |
||
| 300 |
_a263 p. : _bdiagr. ; _c28 cm. |
||
| 999 |
_c38901 _d38901 |
||